| 000 | 01813nam a2200301Ia 4500 | ||
|---|---|---|---|
| 999 |
_c54711 _d54711 |
||
| 001 | 21778 | ||
| 003 | GE_BSU | ||
| 005 | 20220408161134.0 | ||
| 008 | 181216s ||||ge |||||||||||||| ||geo|| | ||
| 020 | _aISBN:978-9941-9244-7-7 შ-18 | ||
| 040 | _cGE_BSU | ||
| 080 | _a821.353.1.092(გორგილაძე, ზ.) შ-18 | ||
| 100 |
_aშაინიძე, ჟუჟუნა _99131 |
||
| 245 |
_aყველაფერი და არაფერი : (სულის ბიოგრაფია) : ლიტერატურული ცდა : _b[მონოგრაფია პოეტ ზურაბ გორგილაძეზე] / _cჟუჟუნა შაინიძე ; რედაქტორი მაია ჯალიაშვილი. |
||
| 264 |
_aბათუმი : _bლაზარე, _c2016. |
||
| 300 |
_a316 გვ. : _bფოტ. ; _c21 სმ. |
||
| 500 | _aწიგნი იბეჭდება ქობულეთის მუნიციპალიტეტის მხარდაჭერით | ||
| 501 | _aშენიშვნები გვ. : 278-302 | ||
| 504 | _aბიბლიოგრაფია გვ. : 303-312 | ||
| 520 | _aრეზიუმე ინგლისურ ენაზე. | ||
| 520 | _aრეზიუმე ინგლისურ ენაზე. შენიშვნები: გვ. 278-302. | ||
| 541 | _h5ლ. | ||
| 653 | _aქართული ლიტერატურის ისტორია და კრიტიკა | ||
| 653 | _aქართველი მწერლები | ||
| 653 | _aყველაფერი და არაფერი | ||
| 700 |
_4 _aჯალიაშვილი, მაია _eრედაქტორი _913652 |
||
| 942 |
_cBK _2udc |
||